|
|
|
|
| LEADER |
00000nam a22000007a 4500 |
| 005 |
20130326181838.0 |
| 007 |
cr|||| |||| |
| 008 |
130326e2010 sp |||||s|||| 00||0 spa d |
| 020 |
|
|
|a 978-84-7658-954-0
|
| 035 |
|
|
|a 9501
|
| 040 |
|
|
|a vLex
|
| 090 |
|
|
|c 4034
|d 4034
|
| 245 |
0 |
0 |
|a Contornos bľicos del estado securitario
|b Control de la vida y procesos de exclusin̤ social
|h [Recurso electrn̤ico]
|
| 256 |
|
|
|a Servicio en ln̕ea
|
| 260 |
|
|
|a Barcelona :
|b Editorial Anthropos,
|c 2010
|
| 300 |
|
|
|a 1 Recurso electrn̤ico
|
| 506 |
|
|
|d vLex Global
|d vLex Global (Academic Edition, excluding Law Schools)
|d vLex Global (U.S. Academic Edition, Law Schools)
|d vLex Global (U.S. Academic Edition, excluding Law Schools)
|d vLex Global (Academic Edition, Law Schools)
|
| 650 |
0 |
4 |
|a Sociologa̕
|
| 650 |
0 |
4 |
|a Violencia
|
| 650 |
0 |
4 |
|a Exclusin̤ social
|
| 740 |
|
|
|a vLex Libros (Servicio en ln̕ea)
|
| 856 |
|
|
|a Acceso restringido
|u http://www.vlex.com/source/9501
|
| 942 |
|
|
|c BOOK
|
| 999 |
|
|
|a Sociology
|